| 000 | 01506pam a2200397 a 4500 | ||
|---|---|---|---|
| 001 | 4505524 | ||
| 003 | OSt | ||
| 005 | 20140310182703.0 | ||
| 008 | 980129r19981957nyua b 001 0beng | ||
| 010 | _a 98011403 | ||
| 020 | _a0452279895 | ||
| 040 |
_aDLC _cDLC _dDLC |
||
| 043 | _ae-it--- | ||
| 050 | 0 | 0 |
_aLB 775 _b.St785 1998 |
| 082 | 0 | 0 |
_aM 370.92 _bSt2 1998 |
| 100 | 1 |
_aStanding, E. M. _q(E. Mortimer), _d1887- |
|
| 245 | 1 | 0 |
_aMaria Montessori, her life and work _cStanding, E.M. |
| 246 | 3 | 0 | _aMaria Montessori |
| 260 |
_aNew York _bPlume _cc1998 |
||
| 300 |
_a380 p. _bill. _c21 cm. |
||
| 500 | _aOriginally published: London : Hollis & Carter, 1957. | ||
| 504 | _aIncludes bibliographical references (p. 371-372) and index. | ||
| 521 | _aHigh School to College Students | ||
| 526 | _c0L-1700L | ||
| 541 | _j1 | ||
| 562 | _e1 | ||
| 600 | 1 | 0 |
_aMontessori, Maria, _d1870-1952. |
| 650 | 0 |
_aEducators _zItaly _xBiography. |
|
| 650 | 0 | _aMontessori method of education. | |
| 856 | 4 | 2 |
_3Contributor biographical information _uhttp://www.loc.gov/catdir/enhancements/fy1207/98011403-b.html |
| 856 | 4 | 2 |
_3Publisher description _uhttp://www.loc.gov/catdir/enhancements/fy1207/98011403-d.html |
| 856 | 4 | 1 |
_3Table of contents only _uhttp://www.loc.gov/catdir/enhancements/fy1207/98011403-t.html |
| 906 |
_a7 _bcbc _corignew _d1 _eocip _f19 _gy-gencatlg |
||
| 942 |
_2lcc _cBK _kM |
||
| 999 |
_c15185 _d15185 |
||